000 00508nam a2200181Ia 4500
999 _c16577
_d16577
003 OSt
005 20200606115940.0
008 190216s9999||||xx |||||||||||||| ||und||
020 _a9788190229920
040 _cMESKC library
082 _a891.433
_bSRI/P
100 _aSrivastava, Viney
_9195
245 0 _aPadamdev /
_cViney Srivastava
260 _bPrakasha Yend Shamsh,
_c2009.
_aDelhi :
300 _a158p
650 _aHindi
942 _cBK
_2ddc
_h891.433
_iSRI/P
_k891.433
_mSRI/P